| 000 -LEADER |
| fixed length control field |
00951nam a22002417a 4500 |
| 003 - CONTROL NUMBER IDENTIFIER |
| control field |
OSt |
| 005 - DATE AND TIME OF LATEST TRANSACTION |
| control field |
20180116192422.0 |
| 008 - FIXED-LENGTH DATA ELEMENTS--GENERAL INFORMATION |
| fixed length control field |
140625t xxu||||| |||| 00| 0 eng d |
| 040 ## - CATALOGING SOURCE |
| Transcribing agency |
sada |
| 082 ## - DEWEY DECIMAL CLASSIFICATION NUMBER |
| Edition number |
21 |
| Classification number |
693.83 |
| Author Mark |
AGA |
| 110 0# - MAIN ENTRY--CORPORATE NAME |
| Corporate name or jurisdiction name as entry element |
Aga Khan Planning and Building Service Pakistan. |
| 9 (RLIN) |
7569 |
| 245 10 - TITLE STATEMENT |
| Title |
Tables for thermal insulation in high altitude areas of the Himalayas |
| Statement of responsibility, etc. |
Reported by Sjoerd Nienhuys. |
| 246 0# - VARYING FORM OF TITLE |
| Title proper/short title |
Technical working paper No. 3 with adjusted values for reflective foils |
| 260 ## - PUBLICATION, DISTRIBUTION, ETC. |
| Place of publication, distribution, etc. |
S.L : |
| Name of publisher, distributor, etc. |
S.N, |
| Date of publication, distribution, etc. |
2012. |
| 300 ## - PHYSICAL DESCRIPTION |
| Extent |
26 p.;ill. |
| 650 10 - SUBJECT ADDED ENTRY--TOPICAL TERM |
| Source of heading or term |
LCSH |
| Topical term or geographic name entry element |
Insulation (Heat) |
| Topical term following geographic name entry element |
Himalayas. |
| 9 (RLIN) |
7570 |
| 710 1# - ADDED ENTRY--CORPORATE NAME |
| Corporate name or jurisdiction name as entry element |
United Nations Development Programme. (UNDP) |
| 9 (RLIN) |
7571 |
| 710 1# - ADDED ENTRY--CORPORATE NAME |
| Corporate name or jurisdiction name as entry element |
Global Environment facility. (GEF) |
| 9 (RLIN) |
7572 |
| 710 1# - ADDED ENTRY--CORPORATE NAME |
| Corporate name or jurisdiction name as entry element |
AGA Khan foundation. (Pakistan) |
| 9 (RLIN) |
7573 |
| 710 1# - ADDED ENTRY--CORPORATE NAME |
| Corporate name or jurisdiction name as entry element |
Ministry of Environment Government of Pakistan. |
| 9 (RLIN) |
7574 |
| 710 1# - ADDED ENTRY--CORPORATE NAME |
| Corporate name or jurisdiction name as entry element |
Building and Construction Improvement Programme - BACIP |
| 9 (RLIN) |
7575 |
| 942 ## - ADDED ENTRY ELEMENTS (KOHA) |
| Source of classification or shelving scheme |
|
| Koha item type |
Book |